| 000 | 00444nam a2200169 a 4500 | ||
|---|---|---|---|
| 001 | 000008584 | ||
| 005 | 20200929161352.0 | ||
| 008 | 090917s1985 dr ac 001 0 spa d | ||
| 040 | _aDO-SdBNP | ||
| 082 |
_axxx _bC322m |
||
| 245 | 0 | 4 | _aLas cartas de Miguel /. |
| 260 |
_aSanto Domingo, : _bUniversitaria, _c1985. |
||
| 300 |
_a52 p. : _bil ; retrs. ; _c21 cm. |
||
| 490 | 1 |
_aSentimientos _v1 |
|
| 830 | 0 |
_aSentimientos _n1 _922997 |
|
| 049 | _aBNPD | ||
| 999 |
_c8354 _d8354 |
||